00398 2200169 4500001002100000005001500021008004100036020002200077035001900099041000700118082001000125090001600135100002000151245001600171260003100187650001000218INLIS00000000000914320241224113754241224||||||||| | ||| |||| || |  a978-979-010-485-3 0010-1224009143 aid0 a741.3 a741.3 ARL b0 aArleen Amidjaja00aBob the Top aJakartabBumi Aksarac2008 0afiksi